000 00565nam a2200157Ia 4500
008 210719s2007 xx 000 0 und d
041 _aeng
082 _a658.8 RAJM
100 _aRAJAN (Aby)
245 _aMarketing management and consumer attitudes towards campco chocolates ltd
260 _aMangalore
_bDepartment of Business Management St Aloysius College
_c2007
300 _a77
_bHB
650 _aManagement
650 _aProject Reports
906 _aand ; attitudes ; BBM Project ; campco ; chocolates ; consumer ; ltd ; management ; Marketing ; towards
999 _c214440
_d214440